000 00342 a2200157 4500
001 164282
020 _a
040 _cMagnum
100 _aRego, José Lins do
240 1 0 _aHistórias da velha totônia
_lpor
245 1 0 _aHistórias da velha totônia
362 0 _a1899
440 1 _aJosé Olympio
697 _aA/CONTO
942 _cBK
999 _c164282
_d164282